Statistics for Ordu'nun İlçeleri

Click here to take the quiz!

General Stats

  • This quiz has been taken 150 times
  • The average score is 9 of 19

Answer Stats

İlçeler% Correct
Ünye
89%
Fatsa
86%
Altınordu
74%
Perşembe
72%
Akkuş
52%
Mesudiye
48%
Gülyalı
46%
Aybastı
45%
Gürgentepe
45%
Kumru
43%
Ulubey
41%
Gölköy
38%
Korgan
38%
Kabadüz
37%
Çamaş
33%
Çatalpınar
32%
Kabataş
30%
Çaybaşı
29%
İkizce
28%

Score Distribution

Percentile by Number Answered

Percent of People with Each Score

Your Score History

You have not taken this quiz